LIBRARY & INFORMATION CENTRE, KCAET, TAVANUR

ONLINE PUBLIC ACCESS CATALOGUE (OPAC)

Principles and practices of post harvest technology / (Record no. 14856)

MARC details
000 -LEADER
fixed length control field 00340cam a2200133ua 4500
020 ## - INTERNATIONAL STANDARD BOOK NUMBER
ISBN 9788127239916
082 ## - DEWEY DECIMAL CLASSIFICATION NUMBER
Classification number 631.56
Item number PAN/PR
100 ## - MAIN ENTRY--AUTHOR NAME
Personal name Pandey, P H .
245 ## - TITLE STATEMENT
Title Principles and practices of post harvest technology /
250 ## - EDITION STATEMENT
Edition statement 2
260 ## - PUBLICATION, DISTRIBUTION, ETC. (IMPRINT)
Place of publication New Delhi :
Name of publisher Kalyani Publishers ,
Year of publication 2016
300 ## - PHYSICAL DESCRIPTION
Number of Pages 539p.
942 ## - ADDED ENTRY ELEMENTS (KOHA)
Koha item type Books
Holdings
Withdrawn status Lost status Damaged status Collection code Home library Current library Shelving location Date acquired Source of acquisition Cost, normal purchase price Full call number Accession Number Koha item type
        KAUAET KAUAET General Stacks 30/03/2017 Vigyan Books, Delhi 375.00 631.56 PAN/PR 25414 Books
        KAUAET KAUAET General Stacks 30/03/2017 Vigyan Books, Delhi 375.00 631.56 PAN/PR 25415 Books
        KAUAET KAUAET General Stacks 30/03/2017 Vigyan Books, Delhi 375.00 631.56 PAN/PR 25416 Books
      General Books KAUAET KAUAET Scheme 27/07/2020 Aman Book stall 375.00 631.56 PAN/PR BB 532 Book Bank scheme for SC students
free website counter